000 00266nam a22000977a 4500
008 231013b |||||||| |||| 00| 0 eng d
020 _a978008408961
100 _aNational Geographic
_97718
245 _aBig Quiz Book
260 _aIreland
_bHarper Collins Publishers
_c2020
999 _c12452
_d12452